| 000 | 00498nam a22001697a 4500 | ||
|---|---|---|---|
| 999 |
_c164541 _d164541 |
||
| 005 | 20190522150202.0 | ||
| 010 | _aB-231139 | ||
| 020 |
_a8189297082 _c400.00 |
||
| 035 | _aB-231139 | ||
| 037 | _bVijay Goel English-Hindi Publisher | ||
| 082 | _a921 | ||
| 100 | _aRolland, Romain. | ||
| 245 |
_aRamakrishna christ's younger brother / _cRomain Rolland |
||
| 260 |
_aDelhi _bVijay Goel English-Hindi Publisher _c2005 |
||
| 300 |
_a182p _c22cm (hbk) |
||
| 942 |
_2ddc _cEN _h921 _mROL |
||